Reivindicación de una ética mundial
Gespeichert in:
| 1. Verfasser: | |
|---|---|
| Format: | Buch |
| Sprache: | Spanisch |
| Veröffentlicht: |
Madrid
Trotta
2002
|
| Schriftenreihe: | Materiales para el Diálogo Interreligioso
|
| Schlagworte: | |
| Tags: |
Tag hinzufügen
Keine Tags, Fügen Sie den ersten Tag hinzu!
|
MARC
| LEADER | 00000nam a2200000 a 4500 | ||
|---|---|---|---|
| 001 | UCL3730 | ||
| 003 | CL-VaPUC | ||
| 008 | 031205e20020000SP |||||||||||||||||spa|d | ||
| 020 | |a 8481645206 | ||
| 082 | 0 | 4 | |a 172 |b KUN |2 21 |
| 100 | |a Küng, Hans |e author |9 416134 | ||
| 245 | 1 | 0 | |a Reivindicación de una ética mundial |
| 300 | |a 237 p | ||
| 942 | |c BK | ||
| 945 | |d 20031205 00:00:00 |a cmena | ||
| 260 | |a Madrid |b Trotta |c 2002 | ||
| 650 | 0 | |a Ética |9 255099 | |
| 650 | 7 | |a PAZ MUNDIAL |2 CL-VaPUC |9 481133 | |
| 650 | 0 | |a Relaciones Internacionales |9 255740 | |
| 650 | 0 | |a Derechos humanos |9 223025 | |
| 650 | 7 | |a LIBERTAD RELIGIOSA |2 CL-VaPUC |9 481134 | |
| 583 | |a last modification |c 20031205 00:00:00 |k Rodrigo Vera | ||
| 490 | 0 | |a Materiales para el Diálogo Interreligioso | |
| 999 | |c 306739 |d 306737 | ||
| 952 | |0 0 |1 0 |4 0 |6 172_000000000000000_KUN_2002 |7 0 |8 DER_TF |9 372001 |a BIBDER |b BIBDER |d 2019-11-21 |i 391299K |o 172 KUN 2002 |p 391299K |r 2019-11-21 |w 2019-11-21 |x Ubicación 4to Piso |y BK |z Estos recursos deben solicitarse con anticipación |k DER | ||